| 000 | 00584nam a2200169 i 4500 | ||
|---|---|---|---|
| 001 | 75693 | ||
| 003 | ES-MaACL | ||
| 005 | 20230906172544.0 | ||
| 007 | t| | ||
| 008 | 040927s1960 ag ||||1| spa d | ||
| 100 | 1 |
_aGrassotti, Hilda. _959717 |
|
| 245 | 1 | 0 |
_aPlática escuderil en réplica al ataque de Claudio Guillén a Sánchez Albornoz / _cHilda Grassotti. |
| 260 |
_aBuenos Aires : _bFacultad de Filosofía y Letras, _c1960. |
||
| 300 |
_a13 h. ; _c26 cm. |
||
| 500 | _aEs separata de: Cuadernos de Historia de España. Pág. 249-274. | ||
| 852 |
_aES-MaACL _j2020-F-25 _bR.47182 |
||
| 999 |
_c75693 _d75693 |
||